Continuing challenges of human rights and peace / (رقم التسجيلة. 159977)
[ عرض عادي ]
| 000 -LEADER | |
|---|---|
| fixed length control field | 00965cam a2200265 a 4500 |
| 008 - FIXED-LENGTH DATA ELEMENTS--GENERAL INFORMATION | |
| fixed length control field | 210817s1992 bu a 000 0 eng d |
| 040 ## - CATALOGING SOURCE | |
| Original cataloging agency | EG-GiCUC |
| Language of cataloging | eng |
| -- | EG-GiCUC |
| 092 04 - LOCALLY ASSIGNED DEWEY CALL NUMBER (OCLC) | |
| Classification number | 323 |
| Item number | N437 |
| Edition number | 21 |
| 099 ## - LOCAL FREE-TEXT CALL NUMBER (OCLC) | |
| Classification number | 04 |
| -- | 323 N437 |
| 100 1# - MAIN ENTRY--PERSONAL NAME | |
| Personal name | Nenova, Yordanka. |
| 245 10 - TITLE STATEMENT | |
| Title | Continuing challenges of human rights and peace / |
| Statement of responsibility, etc. | Yordanka Nenova, Anelia Kalova, Julia Anguelova. |
| 260 ## - PUBLICATION, DISTRIBUTION, ETC. | |
| Place of publication, distribution, etc. | Rousse, Bulgaria : |
| Name of publisher, distributor, etc. | Pimat M&N, |
| Date of publication, distribution, etc. | 1992. |
| 300 ## - PHYSICAL DESCRIPTION | |
| Extent | 272 p. : |
| Other physical details | ill. ; |
| Dimensions | 24 cm. |
| 500 ## - GENERAL NOTE | |
| General note | Cover title: Continuing challenges to human rights and peace. |
| 521 ## - TARGET AUDIENCE NOTE | |
| Target audience note | "Designed for secondary school level students"--Introd. |
| 650 #0 - SUBJECT ADDED ENTRY--TOPICAL TERM | |
| Topical term or geographic name entry element | Human rights |
| General subdivision | Study and teaching. |
| 700 1# - ADDED ENTRY--PERSONAL NAME | |
| Personal name | Anguelova, Julia. |
| 700 1# - ADDED ENTRY--PERSONAL NAME | |
| Personal name | Kalova, Anelia. |
| 710 0# - ADDED ENTRY--CORPORATE NAME | |
| Corporate name or jurisdiction name as entry element | Bulgaria. |
| Subordinate unit | Ministerstvo na narodnata prosveta.. |
| 902 ## - LOCAL DATA ELEMENT B, LDB (RLIN) | |
| No. of Items | 1 |
| 905 ## - LOCAL DATA ELEMENT E, LDE (RLIN) | |
| Cataloger | Amro L. |
| Reviser | Rev |
| 905 ## - LOCAL DATA ELEMENT E, LDE (RLIN) | |
| Cataloger | Ghada |
| Reviser | Cat. |
| 942 ## - ADDED ENTRY ELEMENTS (KOHA) | |
| Source of classification or shelving scheme | Dewey Decimal Classification |
| Koha item type | Books |
| Source of classification or shelving scheme | Not for loan | Home library | Current library | Date acquired | Full call number | Barcode | Date last seen | Copy number | Koha item type |
|---|---|---|---|---|---|---|---|---|---|
| Dewey Decimal Classification | المكتبة المركزبة الجديدة - جامعة القاهرة | قاعة المكتبات المهداة - الدور الرابع | 11.02.2024 | 323 N437 M.N. | 01000110205246000 | 23.06.2024 | C.1 | Books |